书目信息 |
| 题名: |
教学相长之路
|
|
| 作者: | 陈自鹏 编著 | |
| 分册: | ||
| 出版信息: | 北京 中国书籍出版社 2022.04 |
|
| 页数: | 233页 | |
| 开本: | 24cm | |
| 丛书名: | ||
| 单 册: | ||
| 中图分类: | G633.412 | |
| 科图分类: | ||
| 主题词: | 英语课--教学研究--中学 | |
| 电子资源: | ||
| ISBN: | 978-7-5068-8863-9 | |
| 000 | 00793nam0 2200229 450 | |
| 001 | 012001000232 | |
| 005 | 20141201113651.0 | |
| 010 | @a978-7-5068-8863-9@dCNY68.00 | |
| 100 | @a20220905d2022 em y0chiy50 ea | |
| 101 | 0 | @achi |
| 102 | @aCN@b110000 | |
| 105 | @ay z 000yy | |
| 106 | @ar | |
| 200 | 1 | @a教学相长之路@Ajiao xue xiang chang zhi lu@e从经师到名师@f陈自鹏编著 |
| 210 | @a北京@c中国书籍出版社@d2022.04 | |
| 215 | @a233页@d24cm | |
| 330 | @a本书共五个章节,包括:与大家共学习、与大家共实践、与大家共思考、与大家共研究和与大家共交流,总结作者几十年的教学之路中的教学工作经历、科研成果等。 | |
| 606 | 0 | @a英语课@x教学研究@x中学 |
| 690 | @aG633.412@v5 | |
| 701 | 0 | @a陈自鹏@Achen zi peng@f(1959-)@4编著 |
| 801 | 0 | @aCN@bAHXH@c20221111 |
| 905 | @b1368957-9@dG633.412@e1036@f3 | |
| 教学相长之路:从经师到名师/陈自鹏编著.-北京:中国书籍出版社,2022.04 |
| 233页;24cm |
| ISBN 978-7-5068-8863-9:CNY68.00 |
| 本书共五个章节,包括:与大家共学习、与大家共实践、与大家共思考、与大家共研究和与大家共交流,总结作者几十年的教学之路中的教学工作经历、科研成果等。 |
| ● |
| 相关链接 |
|
|
|
|
正题名:教学相长之路
索取号:G633.412/1036
 
预约/预借
| 序号 | 登录号 | 条形码 | 馆藏地/架位号 | 状态 | 备注 |
| 1 | 1368957 | 213689579 | 第一样本阅览室/ [索取号:G633.412/1036] | 在馆 | |
| 2 | 1368958 | 213689588 | 第四借阅区/ [索取号:G633.412/1036] | 在馆 | |
| 3 | 1368959 | 213689597 | 第四借阅区/ [索取号:G633.412/1036] | 在馆 | |
| 4 | 1380379 | 213803794 | 第四借阅区/ [索取号:G633.412/1036] | 在馆 | |
| 5 | 1380380 | 213803801 | 第四借阅区/ [索取号:G633.412/1036] | 在馆 | |
| 6 | 1380381 | 213803810 | 第四借阅区/ [索取号:G633.412/1036] | 在馆 | |
| 7 | 1380382 | 213803829 | 第四借阅区/ [索取号:G633.412/1036] | 在馆 |